| 000 | 00761cam a22002537a 4500 | ||
|---|---|---|---|
| 001 | 7471477 | ||
| 003 | GBCCL | ||
| 005 | 20241126110330.0 | ||
| 008 | 060522s2003 ii b 000 0 eng d | ||
| 020 | _a818771204X | ||
| 035 | _a(OCoLC)ocn689014555 | ||
| 035 | _a7471477 | ||
| 040 |
_aCtY-D _cCtY-D |
||
| 082 |
_a266 _bPAP |
||
| 100 | _4Pappy, Achenkunju | ||
| 245 | 1 | 0 |
_aBridges across cultures. _cby Achenkunju Pappy, George Edward and John Philip; forwarded by Atul Aghamkar |
| 260 |
_aBangalore, India : _bSAIACS Press, _c2003. |
||
| 300 |
_a140 p. ; _c22 cm. |
||
| 440 | 0 |
_aSpire Series. _93570 |
|
| 650 | 0 |
_aEvangelistic work _zIndia. _9408 |
|
| 650 | 0 |
_aLingayats _zIndia _zKarnataka. _93604 |
|
| 700 | 1 | 0 |
_aPappy, Achenkunju. _93605 |
| 942 |
_2ddc _cBK _024 |
||
| 999 |
_c103 _d103 |
||